تحميل...

Rigvedasya darshanika dharatalam/

التفاصيل البيبلوغرافية
المؤلف الرئيسي: Omkarnath Thiwari
التنسيق: Printed Book
منشور في: Delhi: Nag, 1994.
الموضوعات:
LEADER 00594nam a22001811a 4500
999 |c 38456  |d 38456 
082 |a S 294.592 12  |b OMK/R 
100 |a Omkarnath Thiwari 
245 |a Rigvedasya darshanika dharatalam/  |c by Omkarnath Thiwari. 
260 |a Delhi:  |b Nag,  |c 1994. 
300 |a 278p. 
650 |a Rigveda 
650 |a Rigveda Study 
650 |a Vedic Literature 
650 |a Hinduism 
650 |a Religion 
942 |c BK 
952 |0 0  |1 0  |4 0  |6 S_294_592000000000000_12_OMK_R  |7 0  |9 55559  |a SSUS  |b SSUS  |c STACKS  |d 2015-01-08  |g 76.00  |l 3  |o S 294.592 12 OMK/R  |p 046380  |r 2018-02-01  |s 2018-01-20  |v 0.00  |w 2015-01-08  |y BK